[Event "49th Rilton Cup 2019-20"]
[Site "Stockholm"]
[Date "2019.12.30"]
[Round "4.15"]
[White "Sorensen, Hampus"]
[Black "Keinanen, Toivo"]
[Result "1/2-1/2"]
[WhiteElo "2364"]
[BlackElo "2447"]
[Annotator "TA"]
[PlyCount "61"]
[EventDate "2019.12.27"]
[EventType "swiss"]
[EventCountry "SWE"]
[SourceTitle "playchess.com"]
[Source "ChessBase"]
[SourceQuality "1"]

{[%evp 9,61,9,13,20,20,12,10,0,0,-2,5,-11,-9,-14,-7,-22,-7,-23,-19,-31,-12,-19,-26,-63,0,0,0,0,0,0,0,0,0,0,5,0,2,0,6,0,19,4,8,0,0,0,0,0,0,0,0,0,6,0]} 1. d4 d5 2. c4 e6 3. Nf3 Nf6 4. Bg5 Be7 5. e3 h6 6. Bxf6 {D30: Queen's Gambit Declined: Systems without Nc3} Bxf6 7. Qc2 O-O 8. h4 (8. Nc3 dxc4 9. O-O-O c5 10. dxc5 Qa5 11. Ne4 Qxa2 12. Nxf6+ gxf6 13. Bxc4 Qa1+ 14. Kd2 Qa5+ 15. Ke2 Qxc5 16. Qe4 {½-½ (24) Mamedyarov,S (2817)-Giri,A (2783) St Petersburg 2018}) 8... Nc6 9. Nc3 Nb4 $146 ({Predecessor:} 9... Bd7 10. g4 Be7 11. g5 h5 12. cxd5 exd5 13. Nxd5 Bg4 14. Nxe7+ Qxe7 15. Nh2 Nxd4 16. Qc3 Nf3+ 17. Nxf3 Bxf3 {0-1 (37) Lorenz,T (1457)-Finke,D (1342) Verden 2015}) 10. Qd2 c5 11. dxc5 dxc4 12. Bxc4 Qa5 13. Rc1 Rd8 14. Qe2 Qxc5 15. a3 Nc6 16. Ne4 Qe7 (16... Qa5+ $1 $15 17. Kf1 Be7) 17. Nxf6+ $11 {The position is equal.} Qxf6 18. Bd3 Ne5 19. Be4 Bd7 20. O-O Bc6 21. Bxc6 Nxc6 22. Rfd1 Ne5 23. Nxe5 Qxe5 24. g3 a6 25. Rd2 Rac8 26. Rxc8 Rxc8 27. Rc2 Rd8 28. Rd2 Rc8 29. Rc2 Rd8 30. Rd2 Rc8 31. Rc2 {Accuracy: White = 56%, Black = 75%.} 1/2-1/2

[Event "49th Rilton Cup 2019-20"]
[Site "Stockholm"]
[Date "2019.12.30"]
[Round "4.16"]
[White "Oratovsky, Michael"]
[Black "Ippolito, Dean"]
[Result "1-0"]
[WhiteElo "2423"]
[BlackElo "2356"]
[Annotator "NA"]
[PlyCount "95"]
[EventDate "2019.12.27"]
[EventType "swiss"]
[EventCountry "SWE"]
[SourceTitle "playchess.com"]
[Source "ChessBase"]
[SourceQuality "1"]
[TimeControl "40/5400+30:1800+30"]

1. e4 {[%emt 0:00:00]} e5 {[%emt 0:00:00]} 2. Bc4 {[%emt 0:01:17]} Nf6 {[%emt 0:00:00]} 3. d3 {[%emt 0:00:07]} Nc6 {[%emt 0:00:15]} 4. Nf3 {[%emt 0:00:26]} Bc5 {[%emt 0:00:47]} 5. c3 {[%emt 0:01:25]} a6 {[%emt 0:01:10]} 6. Nbd2 {[%emt 0:00:49]} O-O {[%emt 0:02:28]} 7. Bb3 {[%emt 0:02:50]} Ba7 {[%emt 0:01:57]} 8. h3 {[%emt 0:05:11]} d6 {[%emt 0:00:46]} 9. Nf1 {[%emt 0:12:30]} d5 {[%emt 0:01:30]} 10. exd5 {[%emt 0:05:56]} Nxd5 {[%emt 0:00:45]} 11. Ng3 {[%emt 0:00:28]} Be6 {[%emt 0:01:31]} 12. O-O {[%emt 0:20:56]} f6 {[%emt 0:00:49]} 13. Be3 {[%emt 0:18:31]} Bxe3 {[%emt 0:41:06]} 14. fxe3 {[%emt 0:00:15]} Kh8 {[%emt 0:00:07]} 15. Qd2 {[%emt 0:10:27]} Qe8 {[%emt 0:04:58]} 16. d4 {[%emt 0:04:47]} Qg6 {[%emt 0:17:52]} 17. Qf2 {[%emt 0:04:28]} exd4 {[%emt 0:01:55]} 18. exd4 {[%emt 0:01:09]} Rae8 {[%emt 0:04:18]} 19. Nh4 {[%emt 0:05:28]} Qg5 {[%emt 0:10:55]} 20. Ne4 {[%emt 0:00:29]} Qh5 {[%emt 0:04:35]} 21. Nc5 {[%emt 0:00:22]} Bc8 {[%emt 0:00:41]} 22. g4 {[%emt 0:01:10]} Bxg4 {[%emt 0:01:09]} 23. hxg4 {[%emt 0:01:26]} Qxg4+ {[%emt 0:00:02]} 24. Qg2 {[%emt 0:00:34]} Qxh4 {[%emt 0:01:26]} 25. Bxd5 {[%emt 0:00:13]} f5 {[%emt 0:00:30]} 26. Ne6 {[%emt 0:00:45]} Rf7 {[%emt 0:00:52]} 27. Ng5 {[%emt 0:00:54]} Rf6 {[%emt 0:00:27]} 28. Nf3 {[%emt 0:00:33]} Qh5 {[%emt 0:00:29]} 29. Rae1 {[%emt 0:00:16]} Rd8 {[%emt 0:00:03]} 30. Bxc6 Rg6 {[%emt 0:00:03]} 31. Ne5 {[%emt 0:01:05]} Rxg2+ {[%emt 0:00:03]} 32. Bxg2 {[%emt 0:00:06]} c6 {[%emt 0:00:41]} 33. Re3 {[%emt 0:00:44]} Kg8 {[%emt 0:00:56]} 34. Ref3 {[%emt 0:00:43]} g6 {[%emt 0:01:16]} 35. R1f2 {[%emt 0:00:27]} Qg5 {[%emt 0:00:28]} 36. Re2 {[%emt 0:00:30]} h5 {[%emt 0:00:37]} 37. Nd3 {[%emt 0:00:16]} h4 {[%emt 0:00:13]} 38. Kf2 {[%emt 0:00:16]} Qf6 {[%emt 0:00:31]} 39. Bh3 {[%emt 0:00:42]} Qd6 {[%emt 0:00:32]} 40. Re5 {[%emt 0:00:29]} Qf6 {[%emt 0:00:40]} 41. Nf4 {[%emt 0:30:47]} Qf7 {[%emt 0:01:19]} 42. Re6 {[%emt 0:00:00]} Re8 {[%emt 0:08:41]} 43. Rxg6+ {[%emt 0:00:00]} Kh7 {[%emt 0:04:12]} 44. Rg5 {[%emt 0:00:00]} Qxa2 {[%emt 0:01:18]} 45. Bxf5+ {[%emt 0:00:00]} Kh8 {[%emt 0:00:08]} 46. Ng6+ {[%emt 0:00:00]} Kg7 {[%emt 0:01:13]} 47. Ne5+ {[%emt 0:00:00]} Kh8 {[%emt 0:00:04]} 48. Bc2 {[%emt 0:00:00]} 1-0

[Event "49th Rilton Cup 2019-20"]
[Site "Stockholm"]
[Date "2019.12.30"]
[Round "4.17"]
[White "Hobber, Anders"]
[Black "Savanovic, Aleksandar"]
[Result "1-0"]
[WhiteElo "2357"]
[BlackElo "2420"]
[Annotator "NA"]
[PlyCount "95"]
[EventDate "2019.12.27"]
[EventType "swiss"]
[EventCountry "SWE"]
[SourceTitle "playchess.com"]
[Source "ChessBase"]
[SourceQuality "1"]
[TimeControl "40/5400+30:1800+30"]

1. d4 {[%emt 0:02:06]} d5 {[%emt 0:00:00]} 2. Bf4 Nf6 3. e3 {[%emt 0:02:29]} c5 {[%emt 0:00:51]} 4. c3 {[%emt 0:00:10]} Nc6 {[%emt 0:00:06]} 5. Nd2 {[%emt 0:00:14]} cxd4 {[%emt 0:00:27]} 6. exd4 {[%emt 0:00:11]} Bf5 {[%emt 0:00:12]} 7. Ngf3 {[%emt 0:02:37]} e6 {[%emt 0:00:38]} 8. Be2 {[%emt 0:02:03]} Bd6 {[%emt 0:04:10]} 9. Bxd6 {[%emt 0:00:36]} Qxd6 {[%emt 0:00:12]} 10. O-O {[%emt 0:08:54]} O-O {[%emt 0:00:16]} 11. Re1 {[%emt 0:05:48]} Rfc8 {[%emt 0:06:37]} 12. Nb3 {[%emt 0:06:59]} Rab8 {[%emt 0:07:02]} 13. a4 {[%emt 0:11:39]} Nd7 {[%emt 0:12:27]} 14. Bd3 {[%emt 0:05:59]} Ne7 {[%emt 0:01:42]} 15. Nc1 {[%emt 0:09:30]} a5 {[%emt 0:08:57]} 16. Bb5 {[%emt 0:09:54]} Nc6 {[%emt 0:01:19]} 17. h3 {[%emt 0:01:09]} Nb6 {[%emt 0:05:02]} 18. Nb3 {[%emt 0:08:29]} Ra8 {[%emt 0:08:06]} 19. Nc5 {[%emt 0:02:05]} Rc7 {[%emt 0:11:16]} 20. Nh4 {[%emt 0:00:59]} Bg6 {[%emt 0:01:52]} 21. Nxg6 {[%emt 0:00:17]} hxg6 {[%emt 0:00:11]} 22. Qb3 {[%emt 0:03:47]} Nd7 {[%emt 0:03:44]} 23. Nxd7 {[%emt 0:00:29]} Rxd7 {[%emt 0:00:15]} 24. Re3 {[%emt 0:01:13]} Rc7 {[%emt 0:01:12]} 25. Rae1 {[%emt 0:01:05]} Ne7 {[%emt 0:00:59]} 26. Bd3 {[%emt 0:00:14]} Nf5 {[%emt 0:01:19]} 27. Re5 {[%emt 0:00:34]} Qd8 {[%emt 0:01:10]} 28. g3 {[%emt 0:03:30]} Nd6 {[%emt 0:01:38]} 29. h4 {[%emt 0:01:09]} Nc4 {[%emt 0:01:01]} 30. Bxc4 {[%emt 0:03:08]} Rxc4 {[%emt 0:00:07]} 31. Qd1 {[%emt 0:02:22]} Rac8 {[%emt 0:02:16]} 32. Qg4 {[%emt 0:02:02]} Qf6 {[%emt 0:01:48]} 33. R1e3 {[%emt 0:00:55]} Rxa4 {[%emt 0:01:01]} 34. Rxd5 {[%emt 0:00:39]} Rd8 {[%emt 0:04:01]} 35. Rb5 {[%emt 0:00:39]} Rd7 {[%emt 0:01:06]} 36. Ree5 {[%emt 0:01:21]} b6 {[%emt 0:00:25]} 37. Qe4 {[%emt 0:00:18]} Rd6 {[%emt 0:00:55]} 38. Qa8+ {[%emt 0:00:59]} Kh7 {[%emt 0:00:08]} 39. h5 {[%emt 0:01:05]} Ra1+ {[%emt 0:02:05]} 40. Kg2 {[%emt 0:00:15]} Rd1 {[%emt 0:01:15]} 41. hxg6+ {[%emt 0:07:10]} fxg6 {[%emt 0:00:00]} 42. Qe8 {[%emt 0:03:04]} Rd5 {[%emt 0:00:00]} 43. Rbxd5 {[%emt 0:04:04]} exd5 {[%emt 0:00:07]} 44. Qc8 {[%emt 0:04:07]} g5 {[%emt 0:02:42]} 45. Qh3+ {[%emt 0:05:50]} Qh6 {[%emt 0:00:07]} 46. Qf5+ {[%emt 0:00:48]} Qg6 {[%emt 0:00:12]} 47. Qxg6+ {[%emt 0:00:06]} Kxg6 {[%emt 0:00:08]} 48. Rxd5 {[%emt 0:00:04]} 1-0

[Event "49th Rilton Cup 2019-20"]
[Site "Stockholm"]
[Date "2019.12.30"]
[Round "4.18"]
[White "Rathanvel, V S"]
[Black "Dragicevic, Drazen"]
[Result "1-0"]
[WhiteElo "2411"]
[BlackElo "2294"]
[Annotator "NA"]
[PlyCount "93"]
[EventDate "2019.12.27"]
[EventType "swiss"]
[EventCountry "SWE"]
[SourceTitle "playchess.com"]
[Source "ChessBase"]
[SourceQuality "1"]
[TimeControl "40/5400+30:1800+30"]

1. e4 {[%emt 0:00:00]} c6 {[%emt 0:00:00]} 2. Nc3 {[%emt 0:03:20]} d5 {[%emt 0:01:27]} 3. d4 {[%emt 0:01:49]} dxe4 {[%emt 0:02:03]} 4. Nxe4 {[%emt 0:00:03]} Nf6 {[%emt 0:00:34]} 5. Nxf6+ {[%emt 0:00:08]} exf6 {[%emt 0:00:08]} 6. Nf3 {[%emt 0:00:17]} Bd6 {[%emt 0:03:44]} 7. Be2 {[%emt 0:04:41]} O-O {[%emt 0:04:02]} 8. O-O {[%emt 0:00:27]} Qc7 {[%emt 0:04:46]} 9. h3 {[%emt 0:19:31]} Rd8 {[%emt 0:02:27]} 10. c3 {[%emt 0:01:15]} Nd7 {[%emt 0:10:56]} 11. Qc2 {[%emt 0:03:49]} Nf8 {[%emt 0:01:27]} 12. Be3 {[%emt 0:09:51]} Be6 {[%emt 0:09:52]} 13. Rfe1 {[%emt 0:05:07]} Qd7 {[%emt 0:07:50]} 14. Bf1 {[%emt 0:02:35]} Rac8 {[%emt 0:01:13]} 15. Rad1 {[%emt 0:01:28]} Bb8 {[%emt 0:02:07]} 16. c4 {[%emt 0:08:42]} h5 {[%emt 0:04:12]} 17. Bc1 {[%emt 0:05:53]} Qd6 {[%emt 0:13:59]} 18. Re3 {[%emt 0:13:21]} Ng6 {[%emt 0:12:28]} 19. c5 {[%emt 0:03:06]} Qd7 {[%emt 0:01:39]} 20. Rxe6 {[%emt 0:00:15]} Qxe6 {[%emt 0:00:49]} 21. Bc4 {[%emt 0:00:06]} Rd5 {[%emt 0:00:50]} 22. Qb3 {[%emt 0:00:08]} Qd7 {[%emt 0:06:18]} 23. Bxd5 {[%emt 0:00:08]} cxd5 {[%emt 0:00:03]} 24. Re1 {[%emt 0:00:30]} Ne7 {[%emt 0:02:49]} 25. g3 {[%emt 0:08:10]} g5 {[%emt 0:02:28]} 26. h4 {[%emt 0:02:23]} g4 {[%emt 0:02:09]} 27. Nh2 {[%emt 0:00:47]} f5 {[%emt 0:00:59]} 28. Qe3 {[%emt 0:01:10]} Ng6 {[%emt 0:00:53]} 29. Qg5 {[%emt 0:00:43]} Re8 {[%emt 0:01:35]} 30. Rxe8+ {[%emt 0:00:39]} Qxe8 {[%emt 0:00:02]} 31. Nf1 {[%emt 0:00:03]} Bc7 {[%emt 0:01:07]} 32. Qxf5 {[%emt 0:00:37]} Kg7 {[%emt 0:00:29]} 33. Qxd5 {[%emt 0:00:51]} Qe1 {[%emt 0:00:27]} 34. Bd2 {[%emt 0:00:24]} Qe2 {[%emt 0:00:23]} 35. Qxh5 {[%emt 0:00:29]} Qe4 {[%emt 0:00:39]} 36. Bh6+ {[%emt 0:01:37]} Kg8 {[%emt 0:00:28]} 37. Bd2 {[%emt 0:02:50]} Qxd4 {[%emt 0:00:33]} 38. Bc3 {[%emt 0:00:09]} Qe4 {[%emt 0:00:02]} 39. Qg5 {[%emt 0:00:43]} Kf8 {[%emt 0:00:55]} 40. h5 {[%emt 0:00:13]} Ne5 {[%emt 0:00:33]} 41. Bxe5 {[%emt 0:31:37]} Bxe5 {[%emt 0:00:32]} 42. h6 {[%emt 0:00:00]} Bxb2 {[%emt 0:04:49]} 43. Ne3 {[%emt 0:00:00]} Bc1 {[%emt 0:14:01]} 44. Qd8+ {[%emt 0:00:00]} Qe8 {[%emt 0:00:10]} 45. Qd4 {[%emt 0:00:00]} Bxe3 {[%emt 0:02:40]} 46. fxe3 {[%emt 0:00:00]} Qb5 {[%emt 0:00:49]} 47. Qd8+ {[%emt 0:00:00]} 1-0

[Event "49th Rilton Cup 2019-20"]
[Site "Stockholm"]
[Date "2019.12.30"]
[Round "4.19"]
[White "Abdrlauf, Elham"]
[Black "Haug, Johannes"]
[Result "1/2-1/2"]
[WhiteElo "2328"]
[BlackElo "2407"]
[Annotator "NA"]
[PlyCount "70"]
[EventDate "2019.12.27"]
[EventType "swiss"]
[EventCountry "SWE"]
[SourceTitle "playchess.com"]
[Source "ChessBase"]
[SourceQuality "1"]
[TimeControl "40/5400+30:1800+30"]

1. Nf3 {[%emt 0:00:00]} d5 {[%emt 0:02:13]} 2. e3 {[%emt 0:00:00]} Nf6 {[%emt 0:00:51]} 3. c4 {[%emt 0:00:00]} e6 {[%emt 0:00:04]} 4. b3 {[%emt 0:00:00]} b6 {[%emt 0:01:27]} 5. Nc3 {[%emt 0:00:00]} g6 {[%emt 0:03:58]} 6. d4 {[%emt 0:06:53]} Bg7 {[%emt 0:00:49]} 7. Ba3 {[%emt 0:00:27]} Bb7 {[%emt 0:09:52]} 8. Rc1 {[%emt 0:09:15]} a6 {[%emt 0:06:32]} 9. Be2 {[%emt 0:07:25]} Nbd7 {[%emt 0:03:33]} 10. O-O {[%emt 0:00:46]} Bf8 {[%emt 0:02:33]} 11. Bxf8 {[%emt 0:01:29]} Kxf8 {[%emt 0:00:04]} 12. Ne5 {[%emt 0:12:55]} Kg7 {[%emt 0:12:26]} 13. Qc2 {[%emt 0:09:39]} Rc8 {[%emt 0:05:54]} 14. Rfd1 {[%emt 0:02:16]} Qe7 {[%emt 0:05:24]} 15. Nxd7 {[%emt 0:03:44]} Qxd7 {[%emt 0:08:05]} 16. Bf3 {[%emt 0:00:08]} Rhd8 {[%emt 0:12:01]} 17. b4 {[%emt 0:06:51]} Bc6 {[%emt 0:05:06]} 18. c5 {[%emt 0:00:50]} a5 {[%emt 0:01:30]} 19. a3 {[%emt 0:04:06]} axb4 {[%emt 0:03:03]} 20. axb4 {[%emt 0:00:07]} bxc5 {[%emt 0:00:02]} 21. dxc5 {[%emt 0:04:00]} Rb8 {[%emt 0:01:24]} 22. Rb1 {[%emt 0:00:07]} e5 {[%emt 0:00:57]} 23. b5 {[%emt 0:00:13]} Rxb5 {[%emt 0:03:36]} 24. Nxb5 {[%emt 0:00:29]} Bxb5 {[%emt 0:00:05]} 25. Qc3 {[%emt 0:07:42]} d4 {[%emt 0:03:06]} 26. exd4 {[%emt 0:00:48]} e4 {[%emt 0:00:53]} 27. c6 {[%emt 0:11:05]} Qf5 {[%emt 0:01:37]} 28. g4 {[%emt 0:00:05]} Qg5 {[%emt 0:00:47]} 29. Qe3 {[%emt 0:12:29]} Qxe3 {[%emt 0:01:09]} 30. fxe3 {[%emt 0:00:03]} Ba4 {[%emt 0:00:02]} 31. Be2 {[%emt 0:01:07]} Bxd1 {[%emt 0:00:09]} 32. Bxd1 {[%emt 0:00:27]} Nd5 {[%emt 0:00:01]} 33. Rb7 {[%emt 0:00:32]} Nxe3 {[%emt 0:05:41]} 34. Bb3 Nd5 35. Bd1 Ne3 1/2-1/2

[Event "49th Rilton Cup 2019-20"]
[Site "Stockholm"]
[Date "2019.12.30"]
[Round "4.20"]
[White "Lindberg, Bengt"]
[Black "Bruaset, Eivind"]
[Result "1/2-1/2"]
[WhiteElo "2401"]
[BlackElo "2217"]
[Annotator "NA RC"]
[PlyCount "84"]
[EventDate "2019.12.27"]
[EventType "swiss"]
[EventCountry "SWE"]
[SourceTitle "playchess.com"]
[Source "ChessBase"]
[SourceQuality "1"]
[TimeControl "40/5400+30:1800+30"]

1. e4 {[%emt 0:00:00]} e6 {[%emt 0:00:00]} 2. d4 {[%emt 0:00:00]} d5 {[%emt 0:00:00]} 3. Nc3 {[%emt 0:00:02]} Bb4 {[%emt 0:00:06]} 4. e5 {[%emt 0:00:15]} c5 {[%emt 0:00:11]} 5. a3 {[%emt 0:00:17]} Ba5 {[%emt 0:00:17]} 6. b4 {[%emt 0:00:45]} cxd4 {[%emt 0:00:14]} 7. Qg4 {[%emt 0:01:09]} Kf8 {[%emt 0:00:24]} 8. Nb5 {[%emt 0:01:32]} Bb6 {[%emt 0:00:20]} 9. Nf3 {[%emt 0:03:04]} Nc6 {[%emt 0:00:30]} 10. Bf4 {[%emt 0:22:30]} a5 {[%emt 0:08:08]} 11. Bd3 {[%emt 0:15:40]} axb4 {[%emt 0:12:29]} 12. O-O {[%emt 0:00:20]} bxa3 {[%emt 0:00:34]} 13. Rfb1 {[%emt 0:00:18]} Bc5 {[%emt 0:02:12]} 14. Ng5 {[%emt 0:12:44]} g6 {[%emt 0:07:33]} 15. Qf3 {[%emt 0:04:51]} Qd7 {[%emt 0:14:37]} 16. h4 {[%emt 0:16:50]} h6 {[%emt 0:17:51]} 17. Nxe6+ {[%emt 0:00:35]} Qxe6 {[%emt 0:05:42]} 18. Nc7 {[%emt 0:00:08]} Qg4 19. Qxg4 {[%emt 0:00:34]} Bxg4 {[%emt 0:02:25]} 20. Nxa8 {[%emt 0:00:10]} Nb4 {[%emt 0:00:55]} 21. Bd2 {[%emt 0:03:55]} Nxd3 {[%emt 0:01:12]} 22. cxd3 {[%emt 0:00:02]} Ne7 {[%emt 0:00:43]} 23. Bb4 {[%emt 0:04:38]} Bxb4 {[%emt 0:00:41]} 24. Rxb4 {[%emt 0:00:03]} Nc6 {[%emt 0:00:24]} 25. Rxb7 {[%emt 0:01:04]} Nxe5 {[%emt 0:01:51]} 26. Rxa3 {[%emt 0:00:11]} Bf5 {[%emt 0:01:11]} 27. Nb6 {[%emt 0:05:55]} Kg7 {[%emt 0:02:14]} 28. Raa7 {[%emt 0:01:30]} Be6 {[%emt 0:00:17]} 29. Ra3 {[%emt 0:01:33]} g5 {[%emt 0:01:22]} 30. h5 {[%emt 0:01:05]} Rd8 {[%emt 0:00:23]} 31. f3 {[%emt 0:00:53]} Rd6 {[%emt 0:00:09]} 32. Na4 {[%emt 0:00:43]} Rc6 {[%emt 0:00:46]} 33. Rb1 {[%emt 0:01:20]} Bf5 {[%emt 0:00:48]} 34. Re1 {[%emt 0:01:46]} Nxd3 {[%emt 0:00:36]} 35. Rd1 {[%emt 0:00:17]} Nf4 {[%emt 0:01:39]} 36. Rd2 {[%emt 0:00:01]} d3 {[%emt 0:00:36]} 37. Raa2 {[%emt 0:00:57]} d4 {[%emt 0:01:14]} 38. g3 {[%emt 0:00:38]} Ne2+ {[%emt 0:00:24]} 39. Kf2 {[%emt 0:00:20]} Nc3 {[%emt 0:00:35]} 40. Ra3 {[%emt 0:00:45]} Ra6 {[%emt 0:02:26]} 41. Rxc3 {[%emt 0:30:23]} dxc3 {[%emt 0:30:07]} 42. Nxc3 {[%emt 0:00:04]} Rc6 {[%emt 0:01:05]} 1/2-1/2

[Event "49th Rilton Cup 2019-20"]
[Site "Stockholm"]
[Date "2019.12.30"]
[Round "4.21"]
[White "Ajay Krishna, S."]
[Black "Schekachikhin, Maksim"]
[Result "1-0"]
[WhiteElo "2302"]
[BlackElo "2389"]
[Annotator "NA"]
[PlyCount "73"]
[EventDate "2019.12.27"]
[EventType "swiss"]
[EventCountry "SWE"]
[SourceTitle "playchess.com"]
[Source "ChessBase"]
[SourceQuality "1"]
[TimeControl "40/5400+30:1800+30"]

1. Nf3 {[%emt 0:00:00]} Nf6 {[%emt 0:00:00]} 2. c4 {[%emt 0:00:05]} e6 {[%emt 0:00:00]} 3. g3 {[%emt 0:00:16]} a6 {[%emt 0:00:10]} 4. Bg2 {[%emt 0:01:04]} b5 {[%emt 0:00:11]} 5. O-O {[%emt 0:03:41]} bxc4 {[%emt 0:06:41]} 6. Qa4 {[%emt 0:01:49]} Bb7 {[%emt 0:00:56]} 7. Qxc4 {[%emt 0:00:22]} c5 {[%emt 0:02:42]} 8. d4 {[%emt 0:01:41]} cxd4 {[%emt 0:05:18]} 9. Qxd4 {[%emt 0:00:21]} Be7 {[%emt 0:05:08]} 10. Nc3 {[%emt 0:02:15]} d5 {[%emt 0:02:36]} 11. Bf4 {[%emt 0:05:45]} O-O {[%emt 0:02:34]} 12. Rac1 {[%emt 0:01:44]} Nc6 {[%emt 0:02:04]} 13. Qa4 {[%emt 0:08:24]} Rc8 {[%emt 0:07:27]} 14. e4 {[%emt 0:14:05]} Nb4 {[%emt 0:10:34]} 15. Rcd1 {[%emt 0:03:47]} Qe8 {[%emt 0:10:07]} 16. Qxe8 {[%emt 0:03:33]} Rfxe8 {[%emt 0:00:07]} 17. exd5 {[%emt 0:02:15]} Nbxd5 {[%emt 0:04:19]} 18. Be5 {[%emt 0:08:35]} Nxc3 {[%emt 0:02:05]} 19. Bxc3 {[%emt 0:00:17]} Bd5 {[%emt 0:01:52]} 20. Nd2 {[%emt 0:01:03]} Bxg2 {[%emt 0:01:41]} 21. Kxg2 {[%emt 0:00:06]} Nd5 {[%emt 0:00:03]} 22. Bd4 {[%emt 0:00:29]} Rc2 {[%emt 0:04:09]} 23. Ne4 {[%emt 0:01:52]} Rec8 {[%emt 0:02:52]} 24. Nc3 {[%emt 0:01:34]} Nb4 {[%emt 0:02:12]} 25. Rc1 {[%emt 0:05:47]} Rxc1 {[%emt 0:08:53]} 26. Rxc1 {[%emt 0:00:08]} Nd3 {[%emt 0:00:02]} 27. Rb1 {[%emt 0:00:09]} Bf6 {[%emt 0:02:22]} 28. Be3 {[%emt 0:00:10]} h6 {[%emt 0:07:34]} 29. a4 {[%emt 0:00:56]} Rb8 {[%emt 0:03:14]} 30. Ne4 {[%emt 0:00:35]} Rxb2 {[%emt 0:00:13]} 31. Rd1 {[%emt 0:00:24]} Rb3 {[%emt 0:01:08]} 32. Nxf6+ {[%emt 0:01:04]} gxf6 {[%emt 0:00:04]} 33. Bxh6 {[%emt 0:00:20]} Ra3 {[%emt 0:00:23]} 34. Be3 {[%emt 0:02:07]} Kg7 {[%emt 0:02:02]} 35. h4 {[%emt 0:09:31]} Nb2 {[%emt 0:01:03]} 36. Bc1 {[%emt 0:02:00]} Ra1 {[%emt 0:00:47]} 37. Bh6+ {[%emt 0:00:06]} 1-0

[Event "49th Rilton Cup 2019-20"]
[Site "Stockholm"]
[Date "2019.12.30"]
[Round "4.22"]
[White "Ranaldi, Lucas"]
[Black "Pavlovic, Milos"]
[Result "1/2-1/2"]
[WhiteElo "2296"]
[BlackElo "2480"]
[Annotator "ChessBase"]
[PlyCount "93"]
[EventDate "2019.12.27"]
[EventType "swiss"]
[EventCountry "SWE"]
[SourceTitle "playchess.com"]
[Source "ChessBase"]
[SourceQuality "1"]
[TimeControl "40/5400+30:1800+30"]

1. c4 {[%emt 0:01:31]} e5 {[%emt 0:02:27]} 2. g3 {[%emt 0:00:13]} d6 {[%emt 0:00:48]} 3. Nc3 {[%emt 0:00:39]} f5 {[%emt 0:01:48]} 4. d4 {[%emt 0:00:11]} Be7 {[%emt 0:00:02]} 5. Bh3 {[%emt 0:00:41]} exd4 {[%emt 0:07:08]} 6. Qxd4 {[%emt 0:00:45]} Nf6 {[%emt 0:00:24]} 7. Bg2 {[%emt 0:03:30]} Nc6 {[%emt 0:00:20]} 8. Qd2 {[%emt 0:02:37]} Ne5 {[%emt 0:17:31]} 9. b3 {[%emt 0:02:44]} c6 {[%emt 0:00:23]} 10. Bb2 {[%emt 0:08:31]} O-O {[%emt 0:00:16]} 11. Nf3 {[%emt 0:08:55]} Qe8 {[%emt 0:00:51]} 12. e3 {[%emt 0:17:40]} a6 {[%emt 0:29:52]} 13. Qe2 {[%emt 0:02:59]} b5 {[%emt 0:01:10]} 14. O-O {[%emt 0:19:57]} Rb8 {[%emt 0:04:53]} 15. Rad1 {[%emt 0:01:07]} Nxf3+ {[%emt 0:02:16]} 16. Bxf3 {[%emt 0:01:44]} Be6 {[%emt 0:00:06]} 17. cxb5 {[%emt 0:03:02]} axb5 {[%emt 0:00:07]} 18. Qc2 {[%emt 0:00:09]} d5 {[%emt 0:04:52]} 19. a4 {[%emt 0:03:20]} bxa4 {[%emt 0:00:20]} 20. Nxa4 {[%emt 0:00:30]} Ne4 {[%emt 0:00:12]} 21. Bd4 {[%emt 0:01:04]} Rc8 {[%emt 0:02:07]} 22. Nc5 {[%emt 0:00:44]} Bd6 {[%emt 0:01:05]} 23. Bg2 {[%emt 0:01:46]} Rf7 {[%emt 0:03:29]} 24. Rc1 {[%emt 0:00:49]} Bxc5 {[%emt 0:01:32]} 25. Bxc5 {[%emt 0:00:02]} Rb7 {[%emt 0:00:07]} 26. b4 {[%emt 0:00:43]} Nxc5 {[%emt 0:03:40]} 27. Qxc5 {[%emt 0:04:18]} Qf8 {[%emt 0:00:10]} 28. Rc3 {[%emt 0:08:17]} Rxb4 {[%emt 0:00:43]} 29. Rfc1 {[%emt 0:00:01]} Rb5 {[%emt 0:04:54]} 30. Qxf8+ {[%emt 0:00:28]} Kxf8 {[%emt 0:00:01]} 31. Rxc6 {[%emt 0:00:33]} Rxc6 {[%emt 0:00:02]} 32. Rxc6 {[%emt 0:00:02]} Rb1+ {[%emt 0:00:01]} 33. Bf1 {[%emt 0:00:01]} Bd7 {[%emt 0:01:52]} 34. Rc5 {[%emt 0:01:50]} f4 {[%emt 0:00:26]} 35. g4 {[%emt 0:01:41]} Bxg4 {[%emt 0:06:14]} 36. Kg2 {[%emt 0:00:02]} f3+ {[%emt 0:00:03]} 37. Kg3 {[%emt 0:00:08]} Bh5 {[%emt 0:00:46]} 38. Rxd5 {[%emt 0:04:34]} Bf7 {[%emt 0:00:21]} 39. Bc4 {[%emt 0:00:01]} Rg1+ {[%emt 0:01:27]} 40. Kxf3 {[%emt 0:00:24]} Bxd5+ {[%emt 0:00:06]} 41. Bxd5 {[%emt 0:30:02]} Ke7 {[%emt 0:30:26]} 42. Be4 {[%emt 0:00:23]} h5 {[%emt 0:00:13]} 43. Bf5 {[%emt 0:00:00]} Kf6 {[%emt 0:00:00]} 44. Bd7 {[%emt 0:00:00]} g5 {[%emt 0:00:00]} 45. h3 {[%emt 0:00:00]} Ke5 {[%emt 0:00:00]} 46. Bc8 {[%emt 0:00:00]} Rc1 {[%emt 0:00:00]} 47. Bd7 {[%emt 0:00:00]} 1/2-1/2